Use 'em or lose 'em (Record no. 70220)
[ view plain ]
| 000 -LEADER | |
|---|---|
| fixed length control field | 01035cam a2200217 4500 |
| 001 - CONTROL NUMBER | |
| control field | WB3817-23 |
| 008 - FIXED-LENGTH DATA ELEMENTS--GENERAL INFORMATION | |
| fixed length control field | 020508n2002 000 0 eng u |
| 035 ## - SYSTEM CONTROL NUMBER | |
| System control number | (Sirsi) u117899 |
| 245 ## - TITLE STATEMENT | |
| Title | Use 'em or lose 'em |
| 260 ## - PUBLICATION, DISTRIBUTION, ETC. | |
| Date of publication, distribution, etc. | 2002 |
| 490 ## - SERIES STATEMENT | |
| Series statement | Farmers' Weekly |
| Volume/sequential designation | 136(18) 3 May 2002, 16(1) |
| 520 ## - SUMMARY, ETC. | |
| Summary, etc. | The message from the Rural Regeneration - Sustainable Future for Farm Buildings conference in London urged conservationists and developers to work together to help save historic farm buildings. RICS though warned that conversion was not a cure for farmers seeking to diversify and gain alternative income. It has also been revealed that many historic farm buildings have been destroyed during the recent FMD epidemic either as part of attempts to control the disease or in consequent clean-up operations. |
| 590 ## - LOCAL NOTE (RLIN) | |
| Local note | WB |
| 650 ## - SUBJECT ADDED ENTRY--TOPICAL TERM | |
| Topical term or geographic name entry element | FARM BUILDINGS |
| 650 ## - SUBJECT ADDED ENTRY--TOPICAL TERM | |
| Topical term or geographic name entry element | FARM DIVERSIFICATION |
| 650 ## - SUBJECT ADDED ENTRY--TOPICAL TERM | |
| Topical term or geographic name entry element | CONSERVATION |
| 650 ## - SUBJECT ADDED ENTRY--TOPICAL TERM | |
| Topical term or geographic name entry element | HISTORIC BUILDINGS |
| 650 ## - SUBJECT ADDED ENTRY--TOPICAL TERM | |
| Topical term or geographic name entry element | FOOT-AND-MOUTH DISEASE |
| 690 ## - LOCAL SUBJECT ADDED ENTRY--TOPICAL TERM (OCLC, RLIN) | |
| Topical term or geographic name as entry element | RURAL |
| 9 (RLIN) | 6268 |
| 942 ## - ADDED ENTRY ELEMENTS (KOHA) | |
| Suppress in OPAC | 0 |
| Withdrawn status | Lost status | Source of classification or shelving scheme | Damaged status | Not for loan | Home library | Current library | Shelving location | Date acquired | Total Checkouts | Full call number | Barcode | Date last seen | Copy number | Price effective from | Koha item type |
|---|---|---|---|---|---|---|---|---|---|---|---|---|---|---|---|
| Dewey Decimal Classification | London | London | News article | 08/05/2002 | WB3817-23 | 117899-1001 | 06/08/2019 | 1 | 06/08/2019 | News article |